000 03957nam a2200457Ia 4500
001 dia_5200
003 CHAP
005 20250519132757.0
007 ta
008 220117s2003 mx adb frm 001 0 spa d
010 _a176086
040 _cCHAP
_amxchpua
041 0 _aspa
_beng
090 _aTesis
_bC75
_c2003
100 1 _aCrispín Isidro, Guadalupe
240 1 0 _aStudy of technical feasibility economico for the addition of a line of production of chile habanero in escabeche in a company located in the municipality of unam, Yucatan.
_lEspañol
245 1 0 _aEstudio de factibilidad técnico-económico para la adición de una línea de producción de chile habanero en escabeche en una empresa ubicada en el municipio de Umán, Yucatán /
_cGuadalupe Crispín Isidro y Jorge Gustavo Dzul Cauich
264 _aChapingo, México:
_bEl autor,
_c2003
300 _aix, 93 hojas :
_bilustraciones, tablas, gráficas, mapas
336 _2rdacontent
_atexto
_btxt
337 _2rdamedia
_ano mediado
_bn
338 _2rdacarrier
_avolumen
_bnc
502 _aTesis
_b(Ingeniero Agroindustrial) --
_cUACh. Departamento de Ingeniería Agroindustrial,
_d2003
504 _aBibliografía: hojas 91-92
520 3 _aDebido a que la Empresa Alimentos y Aderezos del Sureste S.A. DE C. V.. ubicada en le municipio de Uman, Estado de Yucatán, pretende la adición de una nueva línea de producción para diversificar sus productos de chile habanero e incrementar suo ingresos, se realizo un estudio para determinar la factibilidad técnico-económica de la misma. La materia prima que es el chile habanero se obtiene a través de productores que tienen realizado contratos directos con la empresa, la cantidad necesaria para la elaboración de los chiles habanero en escabeche, es de 69.0 Kq. Por día, con lo cual se obtienen un total de 69 cajas de 12 piezas de 200 g. cada uno de producto terminado. El total de capital de trabajo necesario es de 98,356 pesos la cual se cubre a través de un crédito de avío proporcionado por F.l.R.A El factor de riesgo mas importante son los fenómenos climatológicos y el abasto de materia prima. EI proyecto se considera viable en tales condiciones presentando una tasa de rentabilidad de 49.9%
520 3 _aBecause the Company Alimentos y Aderezos del sureste S. A. de C. V., located in the municipality of Uman, State of Yucatan, it tries the addition of new line of production to diversify its products of chile habanero and to increase its entrance, was made a study to determine the technical-economic feasibility of the same one. The raw material that is chile habanero obtains through producers that they have made direct contracts with the company, the necessary amount for the elaboration of chile habanero in escabeche, is of 69,0 kg. For day, with which a total of 69 boxes of 12 pieces of 200 g. each one is obtained of finished product. The total of capital of work necessary is of 98.356 pesos which are covered through a credit of provision provided by F.I.R.A. The factor of important risk is the climatologic phenomena and the supply of raw material. The project considers in such conditions presenting a rate viable of yield of 49.9%
650 1 3 _aCanning industry
_2atg
650 1 3 _aCapsicum chinense
_2atg
650 1 3 _aEntrepreneurship
_zMexico
_zYucatán
650 1 3 _aIndustria conservera
_2atg
650 1 3 _aIniciativa empresarial
_zMéxico
_zYucatán
_2atg
700 1 _aDzul Cauich, Jorge Gustavo
_eautor
700 1 _aPonce Hernández, Pedro
_edirector
700 1 _aCorrales García, José Joel Enrique
_easesor
700 1 _aPérez Pelayo, Fernando
_easesor
856 4 1 _uhttp://10.13.5.2/tesis/2003_CRISPIN_ISIDRO_GUADALUPE_Y_DZUL_CAUICH_JORGE_GUSTAVO_Tesis.pdf
_yDESCARGAR PDF
901 _aTESIS C75 2003
902 _aM
905 _a5232272003 mx bn 8223223322spa16
942 _cTESIS
_2Clasificación Universidad Autónoma Chapingo
999 _c176086
_d176086